| 000 | 00937nam a2200265 i 4500 | ||
|---|---|---|---|
| 001 | 13180 | ||
| 003 | KOSZ 005 | ||
| 005 | 20191004142538.0 | ||
| 008 | 070608s1970 pl a f 000 0 pol | ||
| 015 | _aPB 1971/2491 | ||
| 040 |
_aWA N _cWA N _dKOSZ 005/RW |
||
| 080 | _a621.31:623 | ||
| 100 | 1 |
_aFalkiewicz, Marian. _eAutor |
|
| 245 | 1 | 0 |
_aPoradnik elektryka wojskowego / _cM. Falkiewicz, K. Zienkiewicz. |
| 260 |
_aWarszawa : _bWydawnictwo Ministerstwa Obrony Narodowej, _c1970. |
||
| 300 |
_a663 s., [2] k. tabl. : _bil., err. ; _c18 cm. |
||
| 380 | _aKsiążki. | ||
| 504 | _aBibliogr. s. [661]-663. | ||
| 650 | 4 | _aElektrotechnika | |
| 655 | 4 | _aPoradnik | |
| 700 | 1 |
_aZienkiewicz, Konrad. _eAutor |
|
| 710 | 2 |
_aWydawnictwo Ministerstwa Obrony Narodowej _4pbl. |
|
| 856 |
_uhttp://koha.tu.koszalin.pl/cgi-bin/koha/opac-detail.pl?biblionumber=13180 _yKatalog online BPK |
||
| 942 |
_2UKD _cKS |
||
| 999 |
_c13180 _d13180 |
||